[Event "Sportland.NRW Youth Cup"]
[Site "Dortmund GER"]
[Date "2019.07.17"]
[Round "5.3"]
[White "Seref, Erdogan"]
[Black "Kartsev, Nikolay"]
[Result "0-1"]
[WhiteElo "1989"]
[BlackElo "2017"]
[WhiteFideId "16206827"]
[BlackFideId "12939536"]
[EventDate "2019.07.13"]

1. c4 e5 2. g3 Nf6 3. Bg2 Nc6 4. Nc3 Bb4 5. Nf3 O-O 6. O-O e4 7. Ng5 Bxc3 8.
bxc3 Re8 9. f3 e3 10. d3 d5 11. cxd5 Nxd5 12. Ne4 f5 13. c4 Nde7 14. Nc3 f4 15.
gxf4 Nf5 16. Nd5 Ncd4 17. Bb2 c6 18. Nb4 Qh4 19. Qe1 Qxf4 20. Bxd4 Nxd4 21. Rc1
Re6 0-1

[Event "Sportland.NRW Youth Cup"]
[Site "Dortmund GER"]
[Date "2019.07.17"]
[Round "5.4"]
[White "Arakelian, Aik"]
[Black "Korten, Lando"]
[Result "0-1"]
[WhiteElo "1993"]
[BlackElo "2125"]
[WhiteFideId "16220340"]
[BlackFideId "12989606"]
[EventDate "2019.07.13"]

1. d4 Nf6 2. Nc3 d5 3. Bf4 Bf5 4. e3 e6 5. Nb5 Na6 6. a3 c6 7. Nc3 Nb8 8. Be2
Be7 9. g4 Bg6 10. h4 h5 11. g5 Ne4 12. Nxe4 Bxe4 13. f3 Bf5 14. Qd2 Nd7 15. Nh3
Qb6 16. O-O-O c5 17. Nf2 cxd4 18. e4 dxe4 19. fxe4 Bg6 20. Qxd4 Qxd4 21. Rxd4 e5
22. Rd5 exf4 23. Bb5 Rd8 24. Rhd1 O-O 25. Bxd7 f6 26. Nh3 fxg5 27. Nxg5 Bxg5 28.
Rxg5 Bxe4 29. Be6+ Kh7 30. Rxh5+ Kg6 31. Rg5+ Kh6 32. Rf1 Rf6 33. Re5 Bc6 34.
Bg4 f3 35. Rf2 Rf4 36. Rh5+ Kg6 37. Rg5+ Kf6 38. c3 Rh8 39. Bh5 Rxh4 40. Rg6+
Kf5 41. Rxc6 bxc6 42. Bxf3 Rf4 43. Kd2 Re8 44. Rf1 Re5 0-1

[Event "Sportland.NRW Youth Cup"]
[Site "Dortmund GER"]
[Date "2019.07.17"]
[Round "5.5"]
[White "Garbuz, Vitaliy"]
[Black "Runte, Moritz"]
[Result "0-1"]
[WhiteElo "2128"]
[BlackElo "2094"]
[WhiteFideId "12990710"]
[BlackFideId "12991449"]
[EventDate "2019.07.13"]

1. e4 e5 2. Nf3 Nc6 3. Bc4 Bc5 4. b4 Bxb4 5. c3 Be7 6. d4 Na5 7. Be2 exd4 8.
Qxd4 d5 9. Qxg7 Bf6 10. Qg3 dxe4 11. Nd4 Ne7 12. Nb5 Nd5 13. Bg5 Bd7 14. Bxf6
Qxf6 15. Nxc7+ Nxc7 16. Qxc7 Nc6 17. Nd2 Qxc3 18. O-O Rc8 19. Qxb7 e3 20. fxe3
Qxd2 21. Rad1 Qxe3+ 22. Kh1 O-O 23. Qxd7 Qxe2 24. Rde1 Qh5 25. g4 Qg6 26. Rf5
Rfd8 27. Qb7 Nd4 28. Rd5 Qc6 0-1

[Event "Sportland.NRW Youth Cup"]
[Site "Dortmund GER"]
[Date "2019.07.18"]
[Round "6.1"]
[White "Elier, Ali"]
[Black "Runte, Moritz"]
[Result "1-0"]
[WhiteElo "2030"]
[BlackElo "2094"]
[WhiteFideId "16217543"]
[BlackFideId "12991449"]
[EventDate "2019.07.13"]

1. e4 e5 2. Nf3 Nc6 3. Bc4 Bc5 4. b4 Bxb4 5. c3 Ba5 6. d4 d6 7. Qb3 Qd7 8. O-O
Bb6 9. Nbd2 Na5 10. Qc2 Ne7 11. dxe5 Ng6 12. exd6 cxd6 13. Ba3 O-O 14. e5 Bc5
15. Bxc5 dxc5 16. Rfe1 Qg4 17. h3 Qh5 18. Bf1 Nc6 19. g4 Qh6 20. Re3 Nf4 21. Ne1
Re8 22. Nd3 b6 23. Nxf4 Qxf4 24. Re4 Qh6 25. Nc4 Re7 26. Rae1 Bd7 27. f4 f5 28.
exf6 Qxf6 29. Rxe7 Nxe7 30. Qe4 Re8 31. Ne5 Be6 32. Bc4 Kf8 33. Qxh7 Rd8 34.
Nd7+ Rxd7 35. Bxe6 Ng6 36. Bxd7 Qxc3 37. Re8+ Kf7 38. Qg8+ 1-0

[Event "Sportland.NRW Youth Cup"]
[Site "Dortmund GER"]
[Date "2019.07.18"]
[Round "6.2"]
[White "Korten, Lando"]
[Black "Garbuz, Vitaliy"]
[Result "1/2-1/2"]
[WhiteElo "2125"]
[BlackElo "2128"]
[WhiteFideId "12989606"]
[BlackFideId "12990710"]
[EventDate "2019.07.13"]

1. d4 Nf6 2. c4 Nc6 3. Nf3 e6 4. a3 d6 5. Nc3 g6 6. e4 Bg7 7. Be2 O-O 8. O-O Re8
9. h3 e5 10. dxe5 Nxe5 11. Nxe5 Rxe5 12. Bf4 Re8 13. e5 dxe5 14. Qxd8 Rxd8 15.
Bxe5 c6 16. Rad1 Be6 17. f4 Nd7 18. Bxg7 Kxg7 19. g4 Nb6 20. b3 f5 21. Kg2 a5
22. Bf3 Kf7 23. Kf2 Nd7 24. Nd5 Rac8 25. b4 axb4 26. axb4 fxg4 27. hxg4 cxd5 28.
cxd5 Bxg4 29. Bxg4 Rc4 30. Ke3 Rxb4 31. Rb1 Rxb1 32. Rxb1 b6 33. Kd4 Ke7 34.
Bxd7 Rxd7 35. Rxb6 Rd6 1/2-1/2

[Event "Sportland.NRW Youth Cup"]
[Site "Dortmund GER"]
[Date "2019.07.18"]
[Round "6.3"]
[White "Kartsev, Nikolay"]
[Black "Arakelian, Aik"]
[Result "1-0"]
[WhiteElo "2017"]
[BlackElo "1993"]
[WhiteFideId "12939536"]
[BlackFideId "16220340"]
[EventDate "2019.07.13"]

1. e4 e5 2. Nf3 Nc6 3. Bb5 a6 4. Ba4 d6 5. c3 Bd7 6. d4 Nf6 7. Nbd2 Qe7 8. d5
Na7 9. Bxd7+ Nxd7 10. a4 g6 11. Qc2 Bg7 12. Nf1 c6 13. Ne3 c5 14. a5 Nb5 15. g4
h6 16. Bd2 O-O-O 17. O-O-O Qf6 18. Ne1 Qxf2 19. Rf1 Qh4 20. Rxf7 Bf6 21. Nf3 Qh3
22. Rf1 Rdf8 23. Rxf8+ Rxf8 24. Qd1 Bd8 25. Qe2 Bxa5 26. Be1 Bb6 27. Ng1 Qxe3+
28. Qxe3 Rxf1 29. Nf3 c4 30. Qe2 Rh1 31. Qg2 Rxe1+ 32. Nxe1 Be3+ 33. Kc2 Bf4 34.
Qf1 Bxh2 35. Qf7 Bf4 36. Qxg6 Nc5 37. Nf3 Kc7 38. Nh4 Kb6 39. Nf5 Nxe4 40. Nxh6
Ng5 41. Nf7 Nxf7 42. Qxf7 Nc7 43. Qe7 1-0

[Event "Sportland.NRW Youth Cup"]
[Site "Dortmund GER"]
[Date "2019.07.18"]
[Round "6.4"]
[White "Wensing, Maximilian"]
[Black "Seref, Erdogan"]
[Result "1-0"]
[WhiteElo "2109"]
[BlackElo "1989"]
[WhiteFideId "16222415"]
[BlackFideId "16206827"]
[EventDate "2019.07.13"]

1. c4 e6 2. g3 Nf6 3. Bg2 d5 4. Nf3 dxc4 5. Qa4+ Nbd7 6. Qxc4 c5 7. O-O a6 8.
Qb3 Rb8 9. Rd1 b5 10. d4 Bb7 11. a4 Qb6 12. axb5 axb5 13. Bf4 Bd5 14. Qc2 Bd6
15. dxc5 Nxc5 16. Bxd6 Qxd6 17. Nc3 Bb3 18. Rxd6 Bxc2 19. Nd4 Nb3 20. Nxc2 Nxa1
21. Nxa1 Ke7 22. Rd3 b4 23. Nd1 Rhd8 24. Kf1 Rxd3 25. exd3 Ng4 26. h3 Ne5 27. d4
Nc4 28. Nc2 Kd6 29. Nce3 Nd2+ 30. Ke2 Nb3 31. Kd3 Rc8 32. Nc4+ Ke7 33. Nde3 Rd8
34. d5 Nc5+ 35. Kd4 Nb3+ 36. Kd3 Nc5+ 37. Kc2 b3+ 38. Kc3 exd5 39. Nxd5+ Ke6 40.
Nf4+ Kf5 41. h4 h6 42. Bh3+ Kf6 43. Nh5+ Kg6 44. Ne5+ Kh7 45. Kc4 Nb7 46. Nf4
Rd2 47. Nfd3 Nd6+ 48. Kxb3 f6 49. Kc3 Ne4+ 50. Kd4 Nxg3 51. fxg3 fxe5+ 52. Kxe5
g5 53. Bf5+ Kg7 54. hxg5 hxg5 55. b4 Re2+ 56. Be4 Re3 57. g4 Kf7 58. b5 Re2 59.
b6 1-0

[Event "Sportland.NRW Youth Cup"]
[Site "Dortmund GER"]
[Date "2019.07.18"]
[Round "6.5"]
[White "Gutkin, Ilya"]
[Black "Gallasch, Robin"]
[Result "1-0"]
[WhiteElo "2106"]
[BlackElo "1987"]
[WhiteFideId "16203470"]
[BlackFideId "16222423"]
[EventDate "2019.07.13"]

1. Nf3 d5 2. c4 d4 3. g3 Nc6 4. Bg2 e5 5. d3 Nf6 6. O-O Bd6 7. Nbd2 O-O 8. a3 a5
9. Rb1 h6 10. Ne1 Bg4 11. Nc2 Qe7 12. b3 Rfe8 13. Bb2 Qd7 14. Ba1 Rab8 15. b4
axb4 16. axb4 b5 17. c5 Bf8 18. Nb3 h5 19. Qd2 g6 20. e4 dxe3 21. fxe3 Bg7 22.
Rbe1 Rbd8 23. d4 e4 24. Nc1 Ne7 25. Ne2 Ned5 26. Nc3 c6 27. Bb2 Bh6 28. Nxd5
Nxd5 29. Ra1 Kg7 30. Ra6 Rc8 31. Qf2 Rc7 32. Bc1 Ra7 33. Rxa7 Qxa7 34. Bd2 Re7
35. Ra1 Qd7 36. Ra6 Re6 37. Qe1 Qe7 38. Qa1 h4 39. h3 Bf3 40. g4 Bxg2 41. Kxg2
Qc7 42. Be1 Bxe3 43. Bxh4 Qf4 44. Qf1 Bxd4 45. Qxf4 Nxf4+ 46. Kf1 Bc3 47. Bg3
Nd5 48. Bd6 e3 49. Ke2 Bxb4 50. Nd4 Re8 51. Nxc6 Bd2 52. Nd4 b4 53. c6 b3 54.
Nxb3 Nc3+ 55. Kd3 e2 56. Bg3 e1=Q 57. Bxe1 Bxe1 58. Kc4 Ne4 59. Kd5 Bg3 60. Nd4
Rd8+ 61. Kxe4 Rc8 62. Kd5 Kf6 63. Nb5 Kg5 64. Nd6 Rh8 65. Nxf7+ 1-0

[Event "Sportland.NRW Youth Cup"]
[Site "Dortmund GER"]
[Date "2019.07.19"]
[Round "7.1"]
[White "Gallasch, Robin"]
[Black "Elier, Ali"]
[Result "1-0"]
[WhiteElo "1987"]
[BlackElo "2030"]
[WhiteFideId "16222423"]
[BlackFideId "16217543"]
[EventDate "2019.07.13"]

1. Nf3 d5 2. g3 Nf6 3. Bg2 c5 4. O-O e6 5. d3 Be7 6. Nbd2 O-O 7. e4 Nc6 8. e5
Nd7 9. Re1 Qc7 10. Qe2 b5 11. Nf1 a5 12. h4 b4 13. c3 a4 14. a3 Na5 15. Bf4 Nb3
16. Ng5 Nxa1 17. Qh5 Bxg5 18. hxg5 g6 19. Qh6 Kh8 20. Ne3 Rg8 21. Nxd5 Qd8 22.
Nf6 Nxf6 23. exf6 Nc2 24. Rc1 bxa3 25. bxa3 Ra6 26. Rxc2 e5 27. Be3 c4 28. Be4
Qd7 29. Kg2 cxd3 30. Rc1 Qh3+ 31. Qxh3 Bxh3+ 32. Kxh3 Rd8 33. Rd1 Rad6 34. Bc5
R6d7 35. Be7 Rc8 36. Bb4 1-0

[Event "Sportland.NRW Youth Cup"]
[Site "Dortmund GER"]
[Date "2019.07.19"]
[Round "7.2"]
[White "Seref, Erdogan"]
[Black "Gutkin, Ilya"]
[Result "1-0"]
[WhiteElo "1989"]
[BlackElo "2106"]
[WhiteFideId "16206827"]
[BlackFideId "16203470"]
[EventDate "2019.07.13"]

1. c4 c5 2. g3 g6 3. Bg2 Bg7 4. Nc3 Nc6 5. Nf3 d6 6. O-O e5 7. Rb1 Nge7 8. a3 a5
9. Ne1 O-O 10. Nd5 Nxd5 11. cxd5 Ne7 12. Nc2 Bf5 13. e4 Bd7 14. d3 f5 15. f4 Qc7
16. Kh1 Rac8 17. Ne3 a4 18. b4 axb3 19. Qxb3 b5 20. Bb2 Rf7 21. Ba1 Rcf8 22. a4
fxe4 23. dxe4 c4 24. Qb4 Qa7 25. Rfe1 Qxa4 26. Qxa4 bxa4 27. fxe5 Bxe5 28. Bxe5
dxe5 29. Nxc4 Nc8 30. Nxe5 Re7 31. Nxd7 Rxd7 32. Bh3 Rc7 33. e5 Rf2 34. Rbc1 Rb7
35. Rxc8+ Kg7 36. d6 Rbb2 37. d7 Rxh2+ 38. Kg1 Rxh3 39. Re3 Rhh2 40. d8=Q Rhg2+ 1-0

[Event "Sportland.NRW Youth Cup"]
[Site "Dortmund GER"]
[Date "2019.07.19"]
[Round "7.4"]
[White "Garbuz, Vitaliy"]
[Black "Kartsev, Nikolay"]
[Result "0-1"]
[WhiteElo "2128"]
[BlackElo "2017"]
[WhiteFideId "12990710"]
[BlackFideId "12939536"]
[EventDate "2019.07.13"]

1. e4 e5 2. Nc3 Nf6 3. f4 d5 4. fxe5 Nxe4 5. Qf3 Nxc3 6. dxc3 Qh4+ 7. g3 Qe4+ 8.
Qxe4 dxe4 9. Bg2 Bf5 10. Ne2 Bc5 11. Nd4 Bg6 12. Bf4 O-O 13. O-O-O a5 14. Rhe1
Na6 15. Bxe4 Bxe4 16. Rxe4 Bb6 17. Nb3 Rad8 18. a4 Rxd1+ 19. Kxd1 Re8 20. g4 h6
21. Re2 c6 22. Nd2 Bc7 23. Nc4 Nc5 24. b3 b5 25. axb5 cxb5 26. Na3 Rb8 27. c4
bxc4 28. Be3 Ne4 29. Bd4 Ng5 30. bxc4 Rd8 31. c3 Nf3 32. Kc2 Rxd4 33. cxd4 Nxd4+
34. Kd3 Nxe2 35. Kxe2 Bxe5 36. h3 Kf8 37. Nb5 Ke7 38. Kd3 g6 39. c5 f5 40. gxf5
gxf5 41. Kc4 Ke6 42. c6 a4 43. Kd3 Bb2 44. Ke3 Bf6 45. Kf3 Be5 46. Ke3 Kd5 47.
c7 Bxc7 48. Nxc7+ Kc4 0-1

[Event "Sportland.NRW Youth Cup"]
[Site "Dortmund GER"]
[Date "2019.07.19"]
[Round "7.5"]
[White "Runte, Moritz"]
[Black "Korten, Lando"]
[Result "1/2-1/2"]
[WhiteElo "2094"]
[BlackElo "2125"]
[WhiteFideId "12991449"]
[BlackFideId "12989606"]
[EventDate "2019.07.13"]

1. d4 Nf6 2. c4 g6 3. Nc3 Bg7 4. e4 d6 5. Nge2 O-O 6. Ng3 h5 7. Bg5 Nc6 8. d5
Nb8 9. Be2 c6 10. O-O Nh7 11. Be3 h4 12. Nh1 a6 13. Rc1 c5 14. Qd2 b5 15. cxb5
axb5 16. Bxb5 Ba6 17. Bxa6 Rxa6 18. Bh6 Nd7 19. Bxg7 Kxg7 20. f3 Qb6 21. Nf2 Rb8
22. b3 Qb4 23. Ng4 Qd4+ 24. Qxd4+ cxd4 25. Na4 Nc5 26. Nxc5 dxc5 27. Rf2 Rba8
28. Rcc2 f5 29. exf5 gxf5 30. Ne5 Nf6 31. Rxc5 Rxa2 32. Rcc2 Ra1+ 1/2-1/2

[Event "Sportland.NRW Youth Cup"]
[Site "Dortmund GER"]
[Date "2019.07.20"]
[Round "8.1"]
[White "Elier, Ali"]
[Black "Korten, Lando"]
[Result "0-1"]
[WhiteElo "2030"]
[BlackElo "2125"]
[WhiteFideId "16217543"]
[BlackFideId "12989606"]
[EventDate "2019.07.13"]

1. e4 c5 2. d4 cxd4 3. c3 d3 4. Bxd3 Nc6 5. f4 g6 6. Nf3 Bg7 7. O-O d5 8. e5
Qb6+ 9. Kh1 Nh6 10. Qe2 Bf5 11. Bxf5 Nxf5 12. g4 Nh6 13. Be3 Qc7 14. Nd4 O-O 15.
Na3 Qc8 16. Rg1 f5 17. g5 Nf7 18. h4 Nfxe5 19. fxe5 f4 20. Nxc6 Qh3+ 21. Qh2
Qxe3 22. Nd4 Qe4+ 23. Qg2 f3 24. Qf2 Rf4 25. Rg3 Bxe5 26. Rh3 Bxd4 27. cxd4 Raf8
28. Rf1 Rg4 29. Rxf3 Rgf4 30. Kg2 Rxf3 31. Qxf3 Rxf3 32. Rxf3 Qg4+ 33. Kh2 Qxf3
34. h5 gxh5 35. Kg1 h4 36. Kh2 h3 0-1

[Event "Sportland.NRW Youth Cup"]
[Site "Dortmund GER"]
[Date "2019.07.20"]
[Round "8.2"]
[White "Kartsev, Nikolay"]
[Black "Runte, Moritz"]
[Result "1/2-1/2"]
[WhiteElo "2017"]
[BlackElo "2094"]
[WhiteFideId "12939536"]
[BlackFideId "12991449"]
[EventDate "2019.07.13"]

1. e4 e5 2. Nf3 Nc6 3. Bb5 a6 4. Ba4 Nf6 5. d3 d6 6. c3 g6 7. Nbd2 Bg7 8. O-O
O-O 9. Re1 Re8 10. d4 b5 11. dxe5 Nxe5 12. Nxe5 Rxe5 13. Bc2 Bb7 14. f3 Re7 15.
Nf1 Qe8 16. Bg5 d5 17. exd5 Rxe1 18. Qxe1 Qxe1 19. Rxe1 Bxd5 20. Re7 Rc8 21. Bb3
Kf8 22. Re2 Bxb3 23. axb3 Nd5 24. Ne3 Re8 25. Kf2 Nxe3 26. Bxe3 f5 27. Bc5+ Kf7
28. Rd2 Ke6 29. Bd4 Bxd4+ 30. Rxd4 Re7 1/2-1/2

[Event "Sportland.NRW Youth Cup"]
[Site "Dortmund GER"]
[Date "2019.07.20"]
[Round "8.3"]
[White "Wensing, Maximilian"]
[Black "Garbuz, Vitaliy"]
[Result "0-1"]
[WhiteElo "2109"]
[BlackElo "2128"]
[WhiteFideId "16222415"]
[BlackFideId "12990710"]
[EventDate "2019.07.13"]

1. c4 Nf6 2. g3 e6 3. Bg2 d5 4. Nf3 Be7 5. O-O O-O 6. cxd5 exd5 7. d4 c6 8. Nc3
Nbd7 9. a3 Re8 10. b4 a6 11. Qb3 Bd6 12. a4 Qe7 13. Rb1 Nf8 14. Bg5 Bf5 15. Bxf6
Qxf6 16. Ra1 Bg4 17. e4 Bxf3 18. e5 Bxe5 19. dxe5 Rxe5 20. Nxd5 Bxd5 0-1

[Event "Sportland.NRW Youth Cup"]
[Site "Dortmund GER"]
[Date "2019.07.20"]
[Round "8.4"]
[White "Gutkin, Ilya"]
[Black "Arakelian, Aik"]
[Result "1-0"]
[WhiteElo "2106"]
[BlackElo "1993"]
[WhiteFideId "16203470"]
[BlackFideId "16220340"]
[EventDate "2019.07.13"]

1. Nf3 d6 2. d4 g6 3. b3 Bg7 4. Bb2 Nd7 5. e4 e6 6. Nbd2 Ne7 7. Bd3 b6 8. Qe2 a6
9. h4 h6 10. O-O-O Bb7 11. Kb1 Qb8 12. Nc4 Qa7 13. g4 O-O-O 14. Ne3 Qa8 15. Nd2
Rhf8 16. Rhg1 Bh8 17. f4 f5 18. gxf5 exf5 19. e5 dxe5 20. fxe5 f4 21. Nec4 Nf5
22. Rxg6 Nxh4 23. Rxh6 Nf5 24. Bxf5 Rxf5 25. e6 Nf6 26. e7 Re8 27. Qe6+ 1-0

[Event "Sportland.NRW Youth Cup"]
[Site "Dortmund GER"]
[Date "2019.07.20"]
[Round "8.5"]
[White "Gallasch, Robin"]
[Black "Seref, Erdogan"]
[Result "1-0"]
[WhiteElo "1987"]
[BlackElo "1989"]
[WhiteFideId "16222423"]
[BlackFideId "16206827"]
[EventDate "2019.07.13"]

1. Nf3 Nf6 2. g3 d5 3. Bg2 Bf5 4. O-O e6 5. d3 h6 6. Nfd2 Bh7 7. e4 Be7 8. Nc3
c5 9. e5 Nfd7 10. f4 Nc6 11. Kh1 Rb8 12. Nf3 b5 13. Ne2 Qc7 14. g4 h5 15. gxh5
Bf5 16. Ng3 Bg4 17. h3 Bxh5 18. Nxh5 Rxh5 19. c4 Rh8 20. cxd5 exd5 21. Bd2 Nf8
22. d4 c4 23. f5 f6 24. Qe2 Kd8 25. Bf4 g5 26. Bh2 g4 27. hxg4 Nxd4 28. Nxd4
fxe5 29. Qxe5 Qxe5 30. Nc6+ Kc8 31. Nxe5 Bd6 32. Rfe1 Nd7 33. Nf3 Bxh2 34. Nxh2
Nf6 35. Kg1 Kd7 36. Rad1 1-0

[Event "Sportland.NRW Youth Cup"]
[Site "Dortmund GER"]
[Date "2019.07.21"]
[Round "9.1"]
[White "Seref, Erdogan"]
[Black "Elier, Ali"]
[Result "0-1"]
[WhiteElo "1989"]
[BlackElo "2030"]
[WhiteFideId "16206827"]
[BlackFideId "16217543"]
[EventDate "2019.07.13"]

1. c4 c5 2. g3 g6 3. Bg2 Bg7 4. Nc3 Nc6 5. Nf3 e5 6. O-O Nge7 7. a3 O-O 8. b4
cxb4 9. axb4 Nxb4 10. Ba3 Nbc6 11. Bd6 b6 12. Nxe5 Bb7 13. d4 Re8 14. Nd5 Nf5
15. Bc7 Qc8 16. e3 Nce7 17. Nxe7+ Rxe7 18. e4 Nxd4 19. Bd6 Rxe5 20. Bxe5 Bxe5
21. f4 Bd6 22. Qd3 Bc5 23. Kh1 a5 24. Rfd1 Qc6 25. Rd2 a4 26. Rad1 a3 27. Qb1
Qa4 28. Rxd4 Bxd4 29. Rxd4 a2 30. Qa1 Qc2 31. Rxd7 Qb1+ 32. Rd1 Qxd1+ 0-1

[Event "Sportland.NRW Youth Cup"]
[Site "Dortmund GER"]
[Date "2019.07.21"]
[Round "9.2"]
[White "Arakelian, Aik"]
[Black "Gallasch, Robin"]
[Result "1-0"]
[WhiteElo "1993"]
[BlackElo "1987"]
[WhiteFideId "16220340"]
[BlackFideId "16222423"]
[EventDate "2019.07.13"]

1. e4 c6 2. Nf3 d5 3. Nc3 Nf6 4. e5 Ne4 5. d4 Nxc3 6. bxc3 e6 7. Bd3 c5 8. O-O
Nc6 9. Ng5 Be7 10. Qh5 Bxg5 11. Bxg5 Qa5 12. Bd2 cxd4 13. Qg5 Kf8 14. cxd4 Qc7
15. Qf4 Bd7 16. Rab1 Rc8 17. Rb2 Kg8 18. Rfb1 Nd8 19. Qg3 h5 20. Bg5 1-0

[Event "Sportland.NRW Youth Cup"]
[Site "Dortmund GER"]
[Date "2019.07.21"]
[Round "9.3"]
[White "Garbuz, Vitaliy"]
[Black "Gutkin, Ilya"]
[Result "1-0"]
[WhiteElo "2128"]
[BlackElo "2106"]
[WhiteFideId "12990710"]
[BlackFideId "16203470"]
[EventDate "2019.07.13"]

1. e4 e6 2. d4 d5 3. Nd2 Nc6 4. c3 e5 5. dxe5 dxe4 6. Qa4 e3 7. fxe3 Bd7 8. Ngf3
Qe7 9. Qf4 O-O-O 10. Bc4 f6 11. exf6 gxf6 12. Qe4 Qg7 13. O-O Nh6 14. Nb3 Re8
15. Qh4 Nf5 16. Qf2 Nd6 17. Bd3 Rg8 18. Kh1 Ne5 19. Nxe5 fxe5 20. e4 Be7 21. Be3
b6 22. Nd2 Bc6 23. Qe2 Kb8 24. Rf3 Qg4 25. h3 Qg6 26. Bg1 Bh4 27. Raf1 h5 28.
Rf5 Nxf5 29. Rxf5 Bd7 30. Rf3 Rg7 31. Bc4 Rh8 32. Bh2 Re7 33. Qf1 Kb7 34. Bf7
Qg7 35. Bb3 Rh7 36. Nc4 Be6 37. Ne3 Qg6 38. Bxe6 Rxe6 39. Nf5 Bf6 40. Qc4 Qe8
41. Ne3 Bg5 42. Nd5 c6 43. Rf5 Rg7 44. Nb4 Bf6 45. Rxh5 Rd6 46. Rh6 Qd8 47. Bg1
Rg8 48. Qf7+ Ka8 49. Rh7 Qb8 50. Na6 Rf8 51. Nxb8 Rxf7 52. Rxf7 Kxb8 53. g4 Bg5
54. Bh2 Rd1+ 55. Kg2 Bh4 56. Bxe5+ Kc8 57. Bg3 Rd2+ 58. Rf2 1-0

[Event "Sportland.NRW Youth Cup"]
[Site "Dortmund GER"]
[Date "2019.07.21"]
[Round "9.4"]
[White "Runte, Moritz"]
[Black "Wensing, Maximilian"]
[Result "0-1"]
[WhiteElo "2094"]
[BlackElo "2109"]
[WhiteFideId "12991449"]
[BlackFideId "16222415"]
[EventDate "2019.07.13"]

1. e4 e6 2. d4 d5 3. exd5 exd5 4. Nf3 Nf6 5. Bd3 Bd6 6. Qe2+ Qe7 7. Qxe7+ Kxe7
8. Bg5 h6 9. Bh4 Be6 10. O-O Nd7 11. Re1 Rhe8 12. Nbd2 g5 13. Bg3 Nh5 14. Bxd6+
Kxd6 15. c3 Nf4 16. Bc2 Ng6 17. Bxg6 fxg6 18. Ne5 Nxe5 19. Rxe5 c5 20. Rae1 cxd4
21. cxd4 Rac8 22. Nb1 Rc2 23. R1e2 Rc1+ 24. Re1 Rc2 25. R1e2 Rc1+ 26. Re1 Rxe1+
27. Rxe1 Rc8 28. Nc3 Rc4 29. a3 Bd7 30. Rd1 b5 31. Kf1 a5 32. Ke2 b4 33. axb4
axb4 34. Na2 Ba4 35. Rd3 Bc2 36. Rd2 Bb3 0-1

[Event "Sportland.NRW Youth Cup"]
[Site "Dortmund GER"]
[Date "2019.07.21"]
[Round "9.5"]
[White "Korten, Lando"]
[Black "Kartsev, Nikolay"]
[Result "0-1"]
[WhiteElo "2125"]
[BlackElo "2017"]
[WhiteFideId "12989606"]
[BlackFideId "12939536"]
[EventDate "2019.07.13"]

1. d4 Nf6 2. c4 e6 3. Nc3 Bb4 4. e3 O-O 5. Ne2 Re8 6. a3 Bf8 7. Nf4 d5 8. Qc2 b6
9. cxd5 exd5 10. Be2 Bb7 11. O-O a5 12. Re1 g6 13. Bd2 c6 14. Rad1 b5 15. Bf3
Nbd7 16. g3 Qb6 17. h4 Qa7 18. Bc1 b4 19. Nce2 bxa3 20. bxa3 Rac8 21. Bb2 Nb6
22. g4 Nc4 23. g5 Ne4 24. Bxe4 Rxe4 25. Ng3 Ree8 26. h5 Ba6 27. Kg2 Qe7 28. hxg6
hxg6 29. Rh1 Qxg5 30. Bc1 Bxa3 31. Bxa3 Nxa3 32. Qc3 Nc4 33. Rh2 Kg7 34. Kf3 Rh8
35. Rg2 Kf8 36. Rdg1 Qf6 37. Ke2 Re8 38. Kd1 Rb8 39. Nd3 Rb1+ 0-1